[Event "I Abierto Int de Ajedrez Hotel CEMAR"]
[Site "Mondariz  Balneario "]
[Date "2014.08.23"]
[Round "8.10"]
[White "Picazo Gonzalez, Ana"]
[Black "Cervigni Sebastian, Alejandro"]
[Result "1-0"]
[WhiteElo "1795"]
[BlackElo "1454"]
[PlyCount "111"]
[EventDate "2014.08.16"]

1. d4 d5 2. Nf3 e6 3. e3 f5 4. Bd3 Nf6 5. O-O Bd6 6. c4 c6 7. b3 O-O 8. Ba3
Bxa3 9. Nxa3 Ne4 10. Qc2 Nd7 11. b4 Qc7 12. Rac1 Ndf6 13. b5 Bd7 14. Qb3 Rab8
15. Nb1 Rfc8 16. cxd5 exd5 17. Ne5 Nd6 18. Qc2 g6 19. f3 Qd8 20. bxc6 Bxc6 21.
Qb3 Kg7 22. Rc2 Rc7 23. Rfc1 Rbc8 24. Nc3 Qe7 25. Kf2 Nf7 26. Nxc6 bxc6 27. Ba6
Re8 28. Nb5 Rd7 29. Rxc6 Nd8 30. Rc7 Ne6 31. Rxd7 Qxd7 32. Qc3 Kf8 33. Nc7 Nxc7
34. Qxc7 Qxc7 35. Rxc7 Re7 36. Rxe7 Kxe7 37. h3 h6 38. Bd3 Ke6 39. g4 fxg4 40.
hxg4 Kf7 41. Kg3 Ne8 42. Kf4 Kf6 43. e4 dxe4 44. fxe4 Nc7 45. e5+ Kf7 46. Bc4+
Ke7 47. d5 Ne8 48. g5 h5 49. d6+ Kd7 50. Bf7 Ng7 51. Bxg6 Ke6 52. Bd3 Kd7 53.
Bc4 a5 54. g6 Kd8 55. Kg5 Kd7 56. Kf6 1-0

[Event "I Abierto Int de Ajedrez Hotel CEMAR"]
[Site "Mondariz  Balneario "]
[Date "2014.08.23"]
[Round "8.11"]
[White "Salgado Gonzalez, Julio"]
[Black "Boo Vallejo, Marcos"]
[Result "1-0"]
[WhiteElo "1838"]
[BlackElo "1611"]
[PlyCount "36"]
[EventDate "2014.08.16"]

1. d4 Nf6 2. Nf3 g6 3. Nc3 d5 4. Bf4 c6 5. e3 Bg7 6. Be2 Bf5 7. Ne5 h5 8. f3
Nbd7 9. Qd2 Nxe5 10. Bxe5 b5 11. h3 a5 12. a3 Qb6 13. O-O O-O 14. g4 Be6 15.
Kg2 Nd7 16. Bxg7 Kxg7 17. f4 hxg4 18. hxg4 g5 {El resto de la partida es
ilegible.} 1-0

[Event "I Abierto Int de Ajedrez Hotel CEMAR"]
[Site "Mondariz  Balneario "]
[Date "2014.08.23"]
[Round "8.12"]
[White "Silva, Ana Ines Teixeira Da"]
[Black "Dominguez Certal, Dario"]
[Result "1-0"]
[WhiteElo "1551"]
[BlackElo "1501"]
[PlyCount "47"]
[EventDate "2014.08.16"]

1. e4 c5 2. Nc3 Nc6 3. g3 g6 4. Bg2 Bg7 5. d3 e6 6. f4 Nge7 7. Nf3 O-O 8. O-O
a6 9. Be3 b6 10. Qd2 Bb7 11. Nd1 Qc7 12. c3 Rad8 13. d4 cxd4 14. Nxd4 d5 15.
Nxc6 Bxc6 16. Qf2 Nc8 17. f5 dxe4 18. f6 Bh8 19. Bh6 Rfe8 20. Ne3 Rd3 21. Bh3
Qe5 22. Ng4 Qh5 23. Bg7 Bxg7 24. fxg7 1-0

[Event "I Abierto Int de Ajedrez Hotel CEMAR"]
[Site "Mondariz  Balneario "]
[Date "2014.08.23"]
[Round "8.13"]
[White "Gomez Asenjo, Hector Luis"]
[Black "Represa Garazo, Juan Manuel"]
[Result "1-0"]
[WhiteElo "1509"]
[BlackElo "1555"]
[PlyCount "69"]
[EventDate "2014.08.16"]

1. c4 e5 2. Nc3 Nc6 3. g3 g6 4. Bg2 Bg7 5. d3 f5 6. e3 Nf6 7. Nge2 O-O 8. a3 d6
9. b4 Bd7 10. Bd2 Rb8 11. O-O h6 12. Nd5 Ne7 13. Nxf6+ Bxf6 14. Nc3 g5 15. a4
Qe8 16. Nb5 c6 17. Nxd6 Qg6 18. c5 f4 19. Be4 Bf5 20. Nxf5 Nxf5 21. g4 Qg7 22.
Bxf5 f3 23. Bc3 e4 24. Bxf6 Rxf6 25. dxe4 h5 26. Qxf3 h4 27. h3 Rd8 28. Rad1
Qc7 29. Rxd8+ Qxd8 30. Rd1 Qf8 31. e5 Rf7 32. Be6 Kg7 33. Qxf7+ Qxf7 34. Bxf7
Kxf7 35. Rd7+ 1-0

[Event "I Abierto Int de Ajedrez HoteL CEMAR"]
[Site "Mondariz  Balneario "]
[Date "2014.08.24"]
[Round "9.1"]
[White "Manolache, Marius"]
[Black "Ruiz Ledo, Antonio"]
[Result "1-0"]
[WhiteElo "2490"]
[BlackElo "2065"]
[PlyCount "91"]
[EventDate "2014.08.16"]

1. d4 e6 2. c4 Bb4+ 3. Bd2 Qe7 4. Nf3 Nf6 5. Nc3 b6 6. g3 Bb7 7. Bg2 O-O 8. O-O
d6 9. Qc2 Nbd7 10. Rfd1 a5 11. Rac1 Rab8 12. Ng5 Bxg2 13. Kxg2 h6 14. Nf3 c6
15. a3 Bxc3 16. Bxc3 d5 17. Bd2 Rbc8 18. Be3 Ng4 19. Qb3 Nxe3+ 20. Qxe3 b5 21.
cxb5 cxb5 22. Qd3 Rc4 23. Nd2 Rxc1 24. Rxc1 Rb8 25. Rc6 b4 26. a4 Qd8 27. Nf3
Rc8 28. Qa6 Rxc6 29. Qxc6 Nf8 30. Ne5 f6 31. Nd3 Qd7 32. Qc2 Kf7 33. b3 Qa7 34.
e3 Qb7 35. Qc5 Qa6 36. Qc7+ Kg8 37. Nc5 Qa8 38. h4 Kh7 39. Qf7 e5 40. dxe5 d4+
41. e4 fxe5 42. Qf5+ Kh8 43. Qxe5 Qd8 44. Qd5 Qxd5 45. exd5 Kg8 46. Kf3 1-0

[Event "I Abierto Int de Ajedrez Hotel CEMAR"]
[Site "Mondariz  Balneario "]
[Date "2014.08.24"]
[Round "9.2"]
[White "De Prado Rodriguez, Oscar Brun"]
[Black "Garcia Castro, Pablo"]
[Result "1/2-1/2"]
[WhiteElo "2255"]
[BlackElo "2382"]
[PlyCount "61"]
[EventDate "2014.08.16"]

1. d4 g6 2. Bf4 Bg7 3. e3 d6 4. Nf3 e6 5. Be2 Ne7 6. h3 Nd7 7. O-O O-O 8. c4 b6
9. Nc3 Bb7 10. Qd2 h6 11. Bh2 a6 12. Rac1 Ra7 13. b4 Qa8 14. Rfd1 Nf5 15. d5 e5
16. Ne1 Ne7 17. e4 h5 18. Nd3 c5 19. dxc6 Nxc6 20. Nd5 Nd4 21. Bf1 a5 22. b5
Qd8 23. Ne1 Nc5 24. f3 Kh7 25. Nc2 Bh6 26. Nde3 Nxc2 27. Rxc2 Qg5 28. Re1 Ne6
29. Qxd6 Qxe3+ 30. Rxe3 Bxe3+ 31. Kh1 1/2-1/2

[Event "I Abierto Int de Ajedrez Hotel CEMAR"]
[Site "Mondariz  Balneario "]
[Date "2014.08.24"]
[Round "9.3"]
[White "Lorenzo Duran, Marcos"]
[Black "Rodriguez Boado, Martin"]
[Result "1-0"]
[WhiteElo "2167"]
[BlackElo "2163"]
[PlyCount "143"]
[EventDate "2014.08.16"]

1. d4 Nf6 2. c4 e6 3. Nc3 Bb4 4. e3 b6 5. Nge2 O-O 6. a3 Be7 7. e4 Bb7 8. Ng3
d5 9. cxd5 exd5 10. e5 Ne4 11. Bd3 c5 12. dxc5 Bxc5 13. Bxe4 dxe4 14. Qxd8 Rxd8
15. Ngxe4 Bd4 16. O-O Bxe5 17. Re1 Nc6 18. Be3 Na5 19. f4 Bc7 20. Rad1 h6 21.
Kf2 Bc6 22. g3 Nc4 23. Bc1 f5 24. Nd2 b5 25. Nxc4 bxc4 26. Be3 a6 27. Rxd8+
Bxd8 28. Bd4 Rb8 29. Nd1 Be4 30. Ne3 Bd3 31. Rc1 Bb6 32. Bxb6 Rxb6 33. Nxc4 Rb3
34. Ke1 g5 35. Ne5 Be4 36. Rc8+ Kg7 37. Rc7+ Kg8 38. Nf7 gxf4 39. Nxh6+ Kf8 40.
gxf4 Rxb2 41. h4 Rg2 42. Kf1 Rh2 43. Nf7 Rxh4 44. Nd6 Rxf4+ 45. Ke2 Bd5 46. Rc5
Be6 47. Ra5 Ke7 48. Ke3 Rf1 49. Ke2 Ra1 50. Rxa6 Kf6 51. Nc4 Rc1 52. Nd2 Rc3
53. Nf3 Ke7 54. Ra7+ Kd6 55. Nd4 Bc4+ 56. Kf2 f4 57. Ra5 Rd3 58. Nf5+ Ke6 59.
Ng7+ Kd6 60. Nh5 f3 61. Nf6 Rb3 62. Ne4+ Ke7 63. Ra7+ Kf8 64. a4 Bd5 65. Ng3
Rb2+ 66. Ke3 Rg2 67. Nf1 Re2+ 68. Kf4 Re1 69. Ng3 f2 70. Ra5 Rg1 71. Rxd5 Rxg3
72. Rf5+ 1-0

[Event "I Abierto Int de Ajedrez Hotel CEMAR"]
[Site "Mondariz  Balneario "]
[Date "2014.08.24"]
[Round "9.4"]
[White "Bello Filgueira, Joaquin Anton"]
[Black "Lopez De Turiso, Jose Angel"]
[Result "1/2-1/2"]
[WhiteElo "1776"]
[BlackElo "2147"]
[PlyCount "119"]
[EventDate "2014.08.16"]

1. e4 e5 2. Nf3 Nc6 3. Bb5 a6 4. Ba4 f5 5. d3 fxe4 6. dxe4 Nf6 7. Bg5 Bb4+ 8.
c3 Bc5 9. O-O d6 10. b4 Ba7 11. Qd3 O-O 12. Bb3+ Kh8 13. h3 Qe8 14. Nbd2 Nh5
15. Kh2 Nf4 16. Bxf4 Rxf4 17. Ng5 h6 18. Ndf3 hxg5 19. Nxg5 Qh5 20. Qd5 Bd7 21.
Ne6 Bxe6 22. Qxe6 Qe8 23. Qd5 Qg6 24. Rad1 Raf8 25. f3 R4f6 26. Rd3 Qg5 27. g3
Qh5 28. Kg2 Nd8 29. Qa5 Bb6 30. Qa3 Ne6 31. Bxe6 Rxe6 32. c4 Bd4 33. Qb3 Rg6
34. a4 Qh4 35. g4 Rf4 36. Qc2 Rgf6 37. Qe2 Rf8 38. b5 axb5 39. cxb5 Ra8 40. Qd2
Bb6 41. Qc2 g5 42. Qb3 Qh6 43. Qd1 Kg7 44. Qc2 Rff8 45. Rh1 Rh8 46. Qd1 Qh4 47.
Qc2 Rxa4 48. Rd2 Rc8 49. Qxa4 Be3 50. b6 c6 51. Re2 Bf4 52. Qb3 Qg3+ 53. Kf1
Ra8 54. Re1 Ra2 55. Qxa2 Qxf3+ 56. Qf2 Qxh1+ 57. Qg1 Qf3+ 58. Qf2 Qh1+ 59. Qg1
Qf3+ 60. Qf2 1/2-1/2

[Event "I Abierto Int de Ajedrez Hotel CEMAR"]
[Site "Mondariz  Balneario "]
[Date "2014.08.24"]
[Round "9.5"]
[White "Gomez Dieguez, Adrian"]
[Black "Rodriguez Dominguez, Miguel I"]
[Result "1-0"]
[WhiteElo "1970"]
[BlackElo "1951"]
[PlyCount "55"]
[EventDate "2014.08.16"]

1. e4 c5 2. Nf3 e6 3. c3 Nf6 4. e5 Nd5 5. d4 cxd4 6. cxd4 b6 7. Nc3 Nxc3 8.
bxc3 Qc7 9. Bd2 Bb7 10. Bd3 d6 11. O-O Nd7 12. Bf4 O-O-O 13. a4 dxe5 14. Bg3
Bd6 15. Qe2 e4 16. Bxe4 Bxg3 17. hxg3 h5 18. a5 Bxe4 19. Qxe4 Rdg8 20. axb6
Nxb6 21. Ra6 Qb7 22. Qe2 h4 23. Rfa1 hxg3 24. Rxa7 gxf2+ 25. Kxf2 Qc6 26. Qa6+
Kb8 27. Rb1 Rh6 28. Rxb6+ 1-0

[Event "I Abierto Int de Ajedrez Hotel CEMAR"]
[Site "Mondariz  Balneario "]
[Date "2014.08.24"]
[Round "9.6"]
[White "Garcia Bugallo, Jose Luis"]
[Black "Silva, Armando Sousa"]
[Result "0-1"]
[WhiteElo "1818"]
[BlackElo "1941"]
[PlyCount "112"]
[EventDate "2014.08.16"]

1. e4 c5 2. Nf3 a6 3. Be2 d6 4. d4 cxd4 5. Nxd4 Nf6 6. Nc3 e6 7. O-O Be7 8. Be3
O-O 9. a4 Bd7 10. f4 Qc7 11. Bf3 Nc6 12. Nxc6 Bxc6 13. a5 Nd7 14. Qe1 Bf6 15.
g4 Rac8 16. g5 Be7 17. Qg3 f5 18. exf5 Rxf5 19. Bg4 Rcf8 20. Bxf5 Rxf5 21. Qg4
Nf8 22. Bb6 Qd7 23. Ne2 Rb5 24. b3 Rxb6 25. axb6 Bd8 26. Rfd1 Bxb6+ 27. Kf1 Be4
28. Nd4 Qf7 29. Ra4 e5 30. f5 d5 31. Nf3 Bxf5 32. Qg3 Bxc2 33. Rc1 Qf5 34. Kg2
Be4 35. Rb4 Be3 36. Rxe4 Qxe4 37. Re1 Ng6 38. h4 d4 39. Kf1 Qd3+ 40. Kg2 Nf4+
41. Kh1 Qf5 42. Rf1 d3 43. Nh2 Qe4+ 44. Qf3 Qxf3+ 45. Nxf3 e4 46. Ne5 Ne2 47.
Kg2 Bd4 48. Nc4 b5 49. Nd6 Nc3 50. Nf5 Bc5 51. b4 Bxb4 52. Ne3 Bc5 53. Nd1 Nxd1
54. Rxd1 Kf7 55. Kg3 Ke6 56. Kf4 Kd5 0-1

[Event "I Abierto Int de Ajedrez Hotel CEMAR"]
[Site "Mondariz  Balneario "]
[Date "2014.08.24"]
[Round "9.7"]
[White "Ferreiro Diaz, Miguel"]
[Black "Silva, Antonio Araujo Da"]
[Result "1-0"]
[WhiteElo "1723"]
[BlackElo "1965"]
[PlyCount "62"]
[EventDate "2014.08.16"]

1. e4 Nf6 2. Nc3 d5 3. exd5 Nxd5 4. Bc4 c6 5. Qf3 e6 6. Nge2 Nd7 7. d4 N7f6 8.
O-O Be7 9. Bg5 O-O 10. Rad1 Qb6 11. Bb3 Qc7 12. Bh4 b6 13. Bg3 Bd6 14. Rfe1 a5
15. h3 b5 16. a4 b4 17. Ne4 Nxe4 18. Qxe4 Ba6 19. Bxd6 Qxd6 20. Ng3 Nf6 21. Qf3
c5 22. dxc5 Qxc5 23. Qf4 Rfd8 24. Ne4 Nxe4 25. Qxe4 Qc7 26. Rxd8+ Rxd8 27. Bxe6
Bb7 28. Bd5 g6 29. Bxb7 Rd2 30. b3 Rxc2 31. Bd5 Qa7 1-0

[Event "I Abierto Int de Ajedrez Hotel CEMAR"]
[Site "Mondariz  Balneario "]
[Date "2014.08.24"]
[Round "9.8"]
[White "Garcia Sobrino, David"]
[Black "Picazo Gonzalez, Ana"]
[Result "1/2-1/2"]
[WhiteElo "1852"]
[BlackElo "1795"]
[PlyCount "62"]
[EventDate "2014.08.16"]

1. e4 e6 2. d4 d5 3. Nc3 Nf6 4. e5 Nfd7 5. f4 c5 6. Nf3 Nc6 7. Be3 cxd4 8. Nxd4
Bc5 9. Qd2 a6 10. g3 Nxd4 11. Bxd4 b5 12. Ne2 O-O 13. Bg2 Bb7 14. O-O Qc7 15.
c3 Rac8 16. Rae1 a5 17. Bxc5 Nxc5 18. Nd4 Qb6 19. g4 b4 20. f5 exf5 21. gxf5
Qh6 22. Re3 bxc3 23. bxc3 Ne4 24. Bxe4 dxe4 25. f6 Rfd8 26. Qe2 Ba6 27. Qf2
Bxf1 28. Nf5 Qg5+ 29. Rg3 Bh3 30. Ne7+ Kf8 31. fxg7+ Kxe7 1/2-1/2

[Event "I Abierto Int de Ajedrez Hotel CEMAR"]
[Site "Mondariz  Balneario "]
[Date "2014.08.24"]
[Round "9.9"]
[White "Gonzalez Eiris, Daniel"]
[Black "Represa Perez, Mireya"]
[Result "1/2-1/2"]
[WhiteElo "1666"]
[BlackElo "1771"]
[PlyCount "69"]
[EventDate "2014.08.16"]

1. d4 d5 2. Bf4 Nf6 3. e3 e6 4. Nf3 Be7 5. Bd3 O-O 6. Ne5 b6 7. Nd2 Bb7 8. c3
Nbd7 9. Qe2 c5 10. O-O Rc8 11. h3 Ne4 12. Rfd1 f5 13. Nxd7 Qxd7 14. Bxe4 dxe4
15. dxc5 Bxc5 16. Nb3 Qf7 17. Nxc5 bxc5 18. Bd6 Rfe8 19. Qb5 c4 20. Bc5 Bd5 21.
Qa5 Rb8 22. Rdb1 Rb7 23. Bb4 Reb8 24. Qc5 Rb5 25. Qd6 a5 26. Bxa5 Ra8 27. Bb4
Qb7 28. a4 Rb6 29. Qe5 Qc6 30. a5 Rb5 31. Ra3 Ra6 32. Rba1 Qd7 33. R3a2 h6 34.
Rd1 Qb7 35. Rda1 1/2-1/2

[Event "I Abierto Int de Ajedrez Hotel CEMAR"]
[Site "Mondariz  Balneario "]
[Date "2014.08.24"]
[Round "9.10"]
[White "Cervigni Sebastian, Alejandro"]
[Black "Silva, Ana Ines Teixeira Da"]
[Result "1/2-1/2"]
[WhiteElo "1454"]
[BlackElo "1551"]
[PlyCount "79"]
[EventDate "2014.08.16"]

1. e4 Nf6 2. Nc3 d5 3. exd5 Nxd5 4. Bc4 Nb6 5. Bb3 Nc6 6. Nf3 Bf5 7. d3 e6 8.
O-O Bd6 9. Re1 Qd7 10. Nh4 O-O-O 11. Nxf5 exf5 12. Bg5 Rde8 13. Qd2 f6 14. Bf4
Ne5 15. Re2 g5 16. Bxe5 Bxe5 17. Rae1 f4 18. d4 Bxd4 19. Rxe8+ Rxe8 20. Rxe8+
Qxe8 21. Kf1 Qd7 22. Qe2 Be5 23. f3 h5 24. h3 a6 25. Qd1 Bxc3 26. Qxd7+ Kxd7
27. bxc3 Kd6 28. Ke2 Nd5 29. Bxd5 Kxd5 30. Kd3 f5 31. c4+ Ke5 32. a4 g4 33. c3
gxh3 34. gxh3 c6 35. Kc2 b5 36. cxb5 cxb5 37. axb5 axb5 38. Kb3 Kd5 39. Kb4 Kc6
40. c4 1/2-1/2

[Event "I Abierto Int de Ajedrez Hotel CEMAR"]
[Site "Mondariz  Balneario "]
[Date "2014.08.24"]
[Round "9.11"]
[White "Dominguez Certal, Dario"]
[Black "Gomez Asenjo, Hector Luis"]
[Result "0-1"]
[WhiteElo "1501"]
[BlackElo "1509"]
[PlyCount "62"]
[EventDate "2014.08.16"]

1. e4 e5 2. Nf3 Nc6 3. Bb5 Nge7 4. Nc3 d6 5. h3 Bd7 6. d3 h6 7. Be3 a6 8. Ba4
b5 9. Bb3 Na5 10. Qd2 c6 11. d4 exd4 12. Qxd4 c5 13. Qxd6 Nec6 14. Bxf7+ Kxf7
15. Qd5+ Be6 16. Qh5+ Kg8 17. Rd1 Qe8 18. Qh4 Be7 19. Qg3 Nc4 20. Bc1 Rd8 21.
Rxd8 Qxd8 22. b3 Nb6 23. Bb2 Bf6 24. O-O Nd4 25. e5 Be7 26. Nxd4 cxd4 27. Ne2
d3 28. cxd3 Nd5 29. Nd4 Qd7 30. Qg6 Nf4 31. Qg3 Qxd4 0-1

[Event "I Abierto Int de Ajedrez Hotel CEMAR"]
[Site "Mondariz  Balneario "]
[Date "2014.08.24"]
[Round "9.12"]
[White "Silva, Mariana Sofia T"]
[Black "Represa Garazo, Juan Manuel"]
[Result "1-0"]
[WhiteElo "1639"]
[BlackElo "1555"]
[PlyCount "107"]
[EventDate "2014.08.16"]

1. e4 c5 2. Nc3 Nc6 3. g3 g6 4. Bg2 Bg7 5. d3 d6 6. f4 a6 7. Nf3 Bg4 8. h3 Bxf3
9. Bxf3 Nd4 10. Bg2 e6 11. O-O Ne7 12. Be3 O-O 13. Qd2 Rb8 14. Nd1 b5 15. c3
Ndc6 16. f5 exf5 17. exf5 f6 18. fxg6 hxg6 19. Bh6 Ne5 20. Bxg7 Kxg7 21. Ne3
Rh8 22. d4 Nf7 23. Qf2 f5 24. g4 Qd7 25. dxc5 dxc5 26. Rad1 Qe6 27. gxf5 gxf5
28. Nxf5+ Nxf5 29. Qxf5 Qxf5 30. Rxf5 Rbc8 31. Rd7 Rhf8 32. Bd5 Rcd8 33. Rdxf7+
Rxf7 34. Bxf7 Rf8 35. Be6 Rd8 36. Rd5 Re8 37. Bg4 Re1+ 38. Kf2 Rb1 39. Rd7+ Kf8
40. Rd2 a5 41. h4 b4 42. cxb4 axb4 43. h5 c4 44. Ke3 c3 45. bxc3 bxc3 46. Rc2
Rg1 47. Bf3 Ra1 48. Kd4 Kg7 49. Kxc3 Kh6 50. Kb2 Rf1 51. Be2 Rf5 52. a4 Kg7 53.
Kb3 Re5 54. Ra2 1-0